MARC details
| 000 -LEADER |
| fixed length control field |
02966namaa2200373uu 4500 |
| 001 - CONTROL NUMBER |
| control field |
doab132980 |
| 003 - CONTROL NUMBER IDENTIFIER |
| control field |
oapen |
| 005 - DATE AND TIME OF LATEST TRANSACTION |
| control field |
20260218110428.0 |
| 006 - FIXED-LENGTH DATA ELEMENTS--ADDITIONAL MATERIAL CHARACTERISTICS |
| fixed length control field |
m o d |
| 007 - PHYSICAL DESCRIPTION FIXED FIELD--GENERAL INFORMATION |
| fixed length control field |
cr|mn|---annan |
| 008 - FIXED-LENGTH DATA ELEMENTS--GENERAL INFORMATION |
| fixed length control field |
240113s2024 xx |||||o ||| 0|eng d |
| 020 ## - INTERNATIONAL STANDARD BOOK NUMBER |
| International Standard Book Number |
9789461665355 |
| 020 ## - INTERNATIONAL STANDARD BOOK NUMBER |
| International Standard Book Number |
9789462703902 |
| 024 7# - OTHER STANDARD IDENTIFIER |
| Standard number or code |
10.11116/9789461665355 |
| Source of number or code |
doi |
| 040 ## - CATALOGING SOURCE |
| Original cataloging agency |
oapen |
| Transcribing agency |
oapen |
| Modifying agency |
|
| 041 0# - LANGUAGE CODE |
| Language code of text/sound track or separate title |
eng |
| 042 ## - AUTHENTICATION CODE |
| Authentication code |
dc |
| 245 00 - TITLE STATEMENT |
| Title |
An Opaque Mirror for Trajan |
| Remainder of title |
A Literary Analysis and Interpretation of Plutarch's 'Regum et imperatorum apophthegmata' |
| 260 ## - PUBLICATION, DISTRIBUTION, ETC. |
| Place of publication, distribution, etc. |
Leuven |
| Name of publisher, distributor, etc. |
Leuven University Press |
| Date of publication, distribution, etc. |
2024 |
| 300 ## - PHYSICAL DESCRIPTION |
| Extent |
1 online resource (521 p.) |
| 336 ## - CONTENT TYPE |
| Content type term |
text |
| Content type code |
txt |
| Source |
rdacontent |
| 337 ## - MEDIA TYPE |
| Media type term |
computer |
| Media type code |
c |
| Source |
rdamedia |
| 338 ## - CARRIER TYPE |
| Carrier type term |
online resource |
| Carrier type code |
cr |
| Source |
rdacarrier |
| 490 1# - SERIES STATEMENT |
| Series statement |
Plutarchea Hypomnemata |
| 506 0# - RESTRICTIONS ON ACCESS NOTE |
| Standardized terminology for access restriction |
Unrestricted online access |
| Source of term |
star |
| 520 ## - SUMMARY, ETC. |
| Summary, etc. |
The first full in-depth analysis and interpretation of Plutarch's Regum et imperatorum apophthegmata in its entirety as a literary piece of art. Plutarch's Regum et imperatorum apophthegmata (Sayings of Kings and Commanders) holds a peculiar position in his oeuvre. This collection of almost 500 anecdotes of barbarian, Greek, and Roman rulers and generals is introduced by a dedicatory letter to Trajan as a summary of the author's well-known and widely read Parallel Lives. The work is therefore Plutarch's only text that explicitly addresses a Roman emperor and is likely to shed light on his biographical technique. Yet the collection has been understudied, because its authenticity has been generally rejected since the nineteenth century. Recent scholarship defends Plutarch's authorship of the text, but some remain sceptical. This book restores its reputation and provides a first full literary analysis of the letter and collection as a genuine work of Plutarch, wherein he attempts to educate his ruler by means of great role models of the past. Plutarch's thinking about the function of role models (exempla) is not only relevant for Plutarchan research, but also for our knowledge of exemplarity, a key feature both in Greek and Latin literature in the early imperial period in general. Therefore An Opaque Mirror for Trajan is also of interest for literary and historical scholars who study the broader context of ancient literature of the first centuries CE. Ebook available in Open Access. This publication is GPRC-labeled (Guaranteed Peer-Reviewed Content). |
| 540 ## - TERMS GOVERNING USE AND REPRODUCTION NOTE |
| Terms governing use and reproduction |
Creative Commons |
| -- |
https://creativecommons.org/licenses/by-nc-nd/4.0/ |
| -- |
cc |
| Uniform Resource Identifier |
<a href="https://creativecommons.org/licenses/by-nc-nd/4.0/">https://creativecommons.org/licenses/by-nc-nd/4.0/</a> |
| 546 ## - LANGUAGE NOTE |
| Language note |
English |
| 650 #7 - SUBJECT ADDED ENTRY--TOPICAL TERM |
| Topical term or geographic name entry element |
Western philosophy: Ancient, to c 500 |
| Source of heading or term |
bicssc |
| 720 1# - ADDED ENTRY--UNCONTROLLED NAME |
| Name |
van der Wiel, Laurens |
| Relator code |
aut |
| 793 0# - |
| -- |
DOAB Library. |
| 856 ## - ELECTRONIC LOCATION AND ACCESS |
| Uniform Resource Identifier |
<a href="https://docs.google.com/spreadsheets/d/1yKIrdCPDAG_9c22mwoOIO2DOhtj65Wqa/edit?usp=sharing&ouid=106555315294820607512&rtpof=true&sd=true ">https://docs.google.com/spreadsheets/d/1yKIrdCPDAG_9c22mwoOIO2DOhtj65Wqa/edit?usp=sharing&ouid=106555315294820607512&rtpof=true&sd=true </a> |
| Link text |
List of Curated E-Books |
| 942 ## - ADDED ENTRY ELEMENTS (KOHA) |
| Koha item type |
E-Book |